Âm nhạc 5

Gespeichert in:
Bibliographische Detailangaben
1. Verfasser: Hoàng, Long
Format: Buch
Sprache:Undetermined
Veröffentlicht: Hà Nội Giáo dục Việt Nam 2010
Tags: Tag hinzufügen
Keine Tags, Fügen Sie den ersten Tag hinzu!
Thư viện lưu trữ: Trung tâm Học liệu Trường Đại học Cần Thơ
LEADER 00450nam a2200169Ia 4500
001 CTU_159092
008 210402s9999 xx 000 0 und d
020 |c 3700 
082 |a 372.87 
082 |b L431/L.5 
100 |a Hoàng, Long 
245 0 |a Âm nhạc 5 
245 0 |c Hoàng Long (Chủ biên) 
260 |a Hà Nội 
260 |b Giáo dục Việt Nam 
260 |c 2010 
980 |a Trung tâm Học liệu Trường Đại học Cần Thơ